000 00566nam a2200169 i 4500
001 47104
003 ES-MaACL
005 20231227175041.0
007 t|
008 030403s1972 sp ||||1| spa d
100 1 _aLozoya, Juan de Contreras y López de Ayala,
_cMarqués de,
_d1893-1978
_9129112
245 1 0 _aSantiago Padrós
_b: vida y obra (1918-1971) /
_ctexto del Marqués de Lozoya.
260 _aMadrid :
_bEditora Nacional,
_c[1972]
300 _a142 p. :
_b52 lám. ;
_c33 cm.
852 _aES-MaACL
_jC-47204
_bR.84772
999 _c47104
_d47104